| 000 | 00480nam a22001697a 4500 | ||
|---|---|---|---|
| 999 |
_c524909 _d524909 |
||
| 003 | NUST | ||
| 038 | _afaiza | ||
| 082 |
_a891.421 _bSHA |
||
| 100 |
_a Shah , Saadullah _915708 |
||
| 245 |
_aTeary Naal Muhabtah Kahdiah / _c Saadullah Shah |
||
| 260 |
_aLahore : _bKhalid Book Depo, _c2009. |
||
| 300 | _a358 p. ; | ||
| 500 | _aHardcover. | ||
| 880 |
_6 100-01\r _a سعد اللہ شاہ |
||
| 880 |
_6245-02\r _aترے نال محبتاں کا ہدیاں / |
||
| 942 |
_2ddc _cBK |
||